000
00311nam a2200133Ia 4500
100
_a
Lashko/ N./ Lashko/ S.
942
_c
RB
654
_a
Brazing & Soldering
245
_a
Brazing and Soldering of Metals
260
_b
Mir Publishers
_a
Moscow
_c
1979
082
_a
671.56
300
_a
344
546
_a
ENGLISH
999
_c
34383
_d
34383